大リーグに所属する日本人選手(2025年) - Statistics

General Stats
  • This quiz has been taken 433 times
  • The average score is 12 of 16
Answer Stats
チーム名 選手名 % Correct
ロサンゼルス・ドジャース 大谷翔平
100%
ロサンゼルス・ドジャース 山本由伸
99%
ロサンゼルス・ドジャース 佐々木朗希
97%
シカゴ・カブス 鈴木誠也
95%
サンディエゴ・パドレス ダルビッシュ有
89%
シカゴ・カブス 今永昇太
89%
サンディエゴ・パドレス 松井裕樹
81%
ボストン・レッドソックス 吉田正尚
76%
ボルチモア・オリオールズ 菅野智之
74%
ロサンゼルス・エンゼルス 菊池雄星
69%
ニューヨーク・メッツ 千賀滉大
67%
ワシントン・ナショナルズ 小笠原慎之介
67%
シアトル・マリナーズ 藤浪晋太郎
66%
デトロイト・タイガース 前田健太
62%
フィラデルフィア・フィリーズ 青柳晃洋
61%
オークランド・アスレチックス 森井翔太郎
13%
No matching quizzes found
Score Distribution
Percent of People with Each Score
Percentile by Number Answered
Your Score History
You have not taken this quiz